| 000 | 00535nam a22001697a 4500 | ||
|---|---|---|---|
| 003 | OSt | ||
| 005 | 20260129031426.0 | ||
| 008 | 260129b |||||||| |||| 00| 0 eng d | ||
| 020 | _a971-542-297-7 | ||
| 040 |
_aDWC-Main Lib. _cOC |
||
| 082 | _aFil. 809.2 G649c 2001 | ||
| 100 | _aGoquingco, Leonor O. | ||
| 245 |
_aCurtain call : _bselected reviews, 1957-2000/ _cLeonor O. Goquingco |
||
| 260 |
_aQuezon City : _b University of the Philippines Press, _cc2001. |
||
| 300 |
_aviii, 344 p. ; _c25 cm. |
||
| 942 |
_2ddc _cBK - FIL _hFil. _n0 |
||
| 999 |
_c7938 _d7938 |
||